| 000 | 01346cam a2200265 4500 | ||
|---|---|---|---|
| 001 | ABS68624 | ||
| 008 | 050119n2005 000 0 eng u | ||
| 035 | _a(Sirsi) u128548 | ||
| 100 | _aLane, T. | ||
| 245 | _aUrgently required: 8 000 surveyors | ||
| 260 | _c2005 | ||
| 490 |
_aBuilding _v270(8364) 14 January 2005, 56-59(4) |
||
| 520 | _aDiscusses the recruitment of construction professionals to write the home condition reports required by the Housing Act 2004. The ODPM estimates that 2 500-8 000 home inspectors will be needed. Anyone wanting to take this responsibility will have to attend a training course costing £2 000 to gain a diploma in home inspection. Some doubt whether there will be enough inspectors in place by 2007 to properly implement the legislation but both RICS and ODPM are confident there will be the necessary number of people. With summaries of what is contained in the home condition report and how construction professionals can become home inspectors. | ||
| 590 | _aABS | ||
| 590 | _aABS | ||
| 650 | _aCAREERS, EDUCATION AND TRAINING | ||
| 650 | _aSURVEYORS | ||
| 650 | _aHOME INSPECTIONS | ||
| 650 | _aDIPLOMA IN HOME INSPECTION | ||
| 650 | _aHOME CONDITION REPORTS | ||
| 650 | _aCONSTRUCTION INDUSTRY | ||
| 650 | _aHOME CONDITION INSPECTORS | ||
| 690 | _aEDUCATION-CAREERS | ||
| 942 | _n0 | ||
| 999 |
_c118482 _d118482 |
||